| 000 | 01086cam a2200277 i 4500 | ||
|---|---|---|---|
| 003 | SA-RiAUC | ||
| 005 | 20241209053335.0 | ||
| 008 | 241203s1994 sy g b 00000bara c | ||
| 040 |
_aSA-RiAUC _bara _cSA-RiAUC _erda |
||
| 082 | 0 | 4 | _a240 |
| 090 |
_a240 _bح ر ف |
||
| 100 | 1 |
_aحرفوش، أشرف. _eمؤلف. |
|
| 245 | 1 | 0 |
_aفلسفة الكلام عند إمام الحرمين الجويني / _cأشرف حرفوش. |
| 250 | _aالطبعة الأولى. | ||
| 264 | 1 |
_aدمشق : _bالحكمة، _c1994 |
|
| 300 |
_a104 صفحة ؛ _c24 سم |
||
| 336 |
_aنص _btxt _2rdacontent _3كتاب |
||
| 337 |
_aبدون وسيط _bn _2rdamedia |
||
| 338 |
_aمجلد _bnc _2rdacarrier |
||
| 504 | _aببليوجرافية : صفحة 101-103. | ||
| 600 | 1 | 7 |
_aإمام الحرمين، عبد الملك بن عبد الله بن يوسف، _d419-478 هجري _xآراء حول أصول علم الكلام _2aucnm |
| 650 | 7 |
_aعلم الكلام _2aucsh |
|
| 650 | 7 |
_aالتصوف الإسلامي _2aucsh |
|
| 942 |
_2ddc _cBOOK _n0 |
||
| 949 |
_aSA-JeALM _d241203 _umohamedma123 _n1 |
||
| 999 |
_c3139 _d3139 |
||